Производственное обучение профессии "Повар". Ч. 4: Блюда из яиц и творога, сладкие блюда и горячие напитки, блюда лечебного питания, изделия из дрожжевого теста (Запись № 11676007)

Подробности
000 -МАРКЕР
контрольное поле 01999nam2a2200253 4500
001 - ИДЕНТИФИКАТОР ЗАПИСИ
контрольное поле RU\NLR\BIBL_A\012390973
005 - ИДЕНТИФИКАТОР ВЕРСИИ
контрольное поле 20201112111359.0
010 ## - МЕЖДУНАРОДНЫЙ СТАНДАРТНЫЙ НОМЕР КНИГИ (ISBN)
Номер (ISBN) 978-5-4468-8580-0
Уточнения ч. 4
Тираж 1500
021 ## - НОМЕР ГОСУДАРСТВЕННОЙ РЕГИСТРАЦИИ
Код страны Российская Федерация
Номер КН-П-20-042041
Номер Листа государственной регистраци КН-П-20-3196
035 ## - ДРУГИЕ СИСТЕМНЫЕ НОМЕРА
Идентификатор записи (NLR Aleph) 012390973
100 ## - ДАННЫЕ ОБЩЕЙ ОБРАБОТКИ
Данные общей обработки 20201028d2020 u y0rusy50 ca
101 0# - ЯЗЫК РЕСУРСА
Язык текста, звукозаписи и т.д. русский
102 ## - СТРАНА ПУБЛИКАЦИИ ИЛИ ПРОИЗВОДСТВА
Страна публикации Российская Федерация
105 ## - ПОЛЕ КОДИРОВАННЫХ ДАННЫХ: ТЕКСТОВЫЕ МАТЕРИАЛЫ, МОНОГРАФИЧЕСКИЕ
Кодированные данные о монографическом текстовом документе a j 000zy
200 1# - ЗАГЛАВИЕ И СВЕДЕНИЯ ОБ ОТВЕТСТВЕННОСТИ
Основное заглавие Блюда из яиц и творога, сладкие блюда и горячие напитки, блюда лечебного питания, изделия из дрожжевого теста
210 ## - ПУБЛИКАЦИЯ, РАСПРОСТРАНЕНИЕ И ДР.
Дата издания, распространения и т.д. 2020
215 ## - ФИЗИЧЕСКАЯ ХАРАКТЕРИСТИКА
Специфическое обозначение материала и объем 127, [1] с.
Другие сведения о физической характеристике цв. ил., табл.
320 ## - ПРИМЕЧАНИЯ О НАЛИЧИИ В ДОКУМЕНТЕ БИБЛИОГРАФИИ / УКАЗАТЕЛЯ
Текст примечания Библиогр.: с. 126
461 #0 - УРОВЕНЬ НАБОРА
Встроенное поле 001RU\NLR\BIBL_A\012390966
-- 2001#$aПроизводственное обучение профессии "Повар"$eучебное пособие для использования в образовательном процессе образовательных организаций, реализующих программы среднего профессионального образования по профессии "Повар, кондитер"$eв четырех частях$f[В.П. Андросов и др.]$vЧ. 4
Системный номер (АБИС) связанной записи 11675961
Место публикации Москва
Дата публикации 2020
Издание 9-е изд., перераб и доп.
Первые сведения об ответственности [В.П. Андросов и др.]
Имя издателя, распространителя и т.д. Академия
Сведения, относящиеся к заглавию учебное пособие для использования в образовательном процессе образовательных организаций, реализующих программы среднего профессионального образования по профессии "Повар, кондитер" : в четырех частях
Заглавие Производственное обучение профессии "Повар"
ISBN 9785446885787
Номер тома Ч. 4
942 ## - ДОПОЛНИТЕЛЬНЫЕ ЭЛЕМЕНТЫ ЗАПИСИ (АБИС)
Тип экземпляра АБИС Книга
980 ## - КОЛЛЕКЦИЯ
Название коллекции Национальная библиография
Экземпляры
Тип экземпляра Дата поступления Источник поступления Библиотека постоянного хранения Библиотека текущего хранения Место хранения Шифр хранения Штрих-код Статус экземпляра
Книга 28.10.2020 Обязательный экземпляр РНБ (Московский) РНБ (Московский) Русский книжный фонд: издания с 1957 года 2020-3/16623 1-3194724  
Книга 28.10.2020 Обязательный экземпляр РНБ (Московский) РНБ (Московский) Русский книжный фонд: издания с 1957 года 2020-3/16623 1-3194728